𝖙𝖗𝖔𝖚𝖛𝖊 𝖑𝖊𝖘 𝖕𝖆𝖗𝖔𝖑𝖊𝖘 - Statistiques

Statistiques générales
  • Ce quiz a été pris 14 fois
  • Le résultat moyen est 4 sur 15
Statistiques - réponses
Paroles Finit les % Correct
"Okay bougez allez cassez vos cous, si c'est ta femme j'vais pas te casser ton ..." cou
100%
"Quand on était petit on avais les mêmes sapes, plus grand les mêmes ..." armes
64%
"Et dans l'œilleton de la porte j'aimerai passer, juste pour une fois, ressentir le ..." passé
57%
"Et puis si j'ai parlu avec toi, pétasse, j'fais 500 pompes avant, les bravas ..." gonflés
29%
"S'relever tomber, encore se relever, dans la foi atteindre son ..." apogée
21%
"J'regarde le ciel, j'attend l'orage, j'attend la nuit, j'attend mon ..." cash
21%
"J'arrive au sommet que quand les péchés sont ..." empilés
14%
"J’connais plus trop l’goût de mes larmes, j’ai un grain, j’roule une ..." graine
14%
"Plus d'oseilles il me faut, 0 plaisir, j'réinvestis tout mon ..." labeur
14%
"Représente les miens comme il faut dans le shit, comme dans la ..." sique
14%
"Que du bon-char, fuck tout ce qui vaut pas un rond, comme l'honneur du ..." bacqueux
7%
"j'tire ma langue, toujours comme ...." manny
7%
(Hardcore) Pourquoi? Pourquoi? Parce-que chez moi, le coeur est froid depuis l'..." oesophage
7%
"Check on est vifs, donc fait pas l'imbécile, on s'vide pas la vessie, un meug dans les ..." WC
0%
"Vendu comme un damné, en bas, marre de ..." zoner
0%
Aucun quiz correspondant
Distribution des résultats
% des personnes avec chaque résultat
Percentile par nombre de réponses
Votre historique - résultats
Vous n’avez pas pris ce quiz